00507cam a22001934a 45000010009000000050017000090080041000260100017000670200015000840400018000990410008001170420008001250800013001330820020001461000006001661010008001722450079001802460054002591245404520180301083900.0010627s2002 paua f 001 0 eng  a 2001038313 a0683305743 aDLCcDLCdDLC aeng apcc a636.708 00a636.708 RHO2211 a7 aZOO14aThe 5-minute veterinary consult clinical companion :cKaren Helton Rhodes.3 aFive minute veterinary consult clinical companion